Online
Catalog

Situación de los recursos hídricos en la República Dominicana / (Record no. 5911)

MARC details
000 -CABECERA
campo de control de longitud fija 02286nam a2200289 a 4500
001 - NÚMERO DE CONTROL
campo de control 000006115
003 - IDENTIFICADOR DEL NÚMERO DE CONTROL
campo de control DO-SdBNP
005 - FECHA Y HORA DE LA ÚLTIMA TRANSACCIÓN
campo de control 20250613131527.0
008 - DATOS DE LONGITUD FIJA--INFORMACIÓN GENERAL
campo de control de longitud fija 090826s1999 dr abd 001 0 spa d
040 ## - FUENTE DE LA CATALOGACIÓN
Centro catalogador/agencia de origen DO-SdBNP
Lengua de catalogación spa
Centro/agencia transcriptor BNPHU
082 ## - NÚMERO DE LA CLASIFICACIÓN DECIMAL DEWEY
Número de clasificación 333.91
Número de documento/Ítem S471s
111 1# - ENTRADA PRINCIPAL--NOMBRE DE CONGRESO/REUNIÓN
Nombre de congreso/reunión o jurisdicción como elemento de entrada Seminario Situación de los Recursos Hídricos en la República Dominicana
Sede del congreso/Lugar de la reunión Santo Domingo, República Dominicana
Número del congreso/reunión o número de parte o sección (1998 diciembre. 3)
9 (RLIN) 17217
245 10 - MENCIÓN DE TÍTULO
Título Situación de los recursos hídricos en la República Dominicana /
Mención de responsabilidad, etc. coordinador Salvador Ramírez Peña ; introducción Euclides Sánchez.
260 ## - PUBLICACIÓN, DISTRIBUCIÓN, ETC.
Lugar de publicación, distribución, etc. Santo Domingo :
Nombre del editor, distribuidor, etc. Instituto Nacional de Recursos Hidráulicos : Departamento de de Planificación de la Corporación de Acueducto y Alcantarillado,
Fecha de publicación, distribución, etc. 1999.
300 ## - DESCRIPCIÓN FÍSICA
Extensión 165 p. :
Otras características físicas il., gráf., maps.
505 0# - NOTA DE CONTENIDO CON FORMATO
Nota de contenido con formato Presentación --
Título Introducción --
-- Palabras de apertura --
-- Oferta y demanda de agua en la ciudad de Santo Domingo /
Mención de responsabilidad Ing. Salvador Ramírez Peña --
Título Código del agua en la República Dominicana /
Mención de responsabilidad Ing. Eliseo González --
Título Programa para el mejoramiento de la calidad del agua /
Mención de responsabilidad Nicomedes Féliz --
Título La contaminación ambiental y las fuentes de abastecimiento /
Mención de responsabilidad Ing. Porfirio A. Ortega --
Título Potencial hidroeléctrico: una alternativa energética para el desarrollo nacional /
Mención de responsabilidad Carlos Michelén --
Título Contaminación de los cuerpos de agua /
Mención de responsabilidad Ing. Julio Santos-cayado --
Título Disponibilidad de los recursos hídricos superficiales en República Dominicana /
Mención de responsabilidad Ing. Marcelo Jorge P. --
Título Situación del agua subterránea en la República Dominicana /
Mención de responsabilidad Ing. Rafael Damirón D. --
Título Conclusiones y recomendaciones --
-- Lista de participantes.
590 ## - NOTA LOCAL (RLIN)
Nota local Inventariado, 2018/LP
650 #4 - PUNTO DE ACCESO ADICIONAL DE MATERIA--TÉRMINO DE MATERIA
Término de materia o nombre geográfico como elemento de entrada Recursos hídricos
Subdivisión geográfica República Dominicana
Subdivisión general Congresos, conferencias, etc.
9 (RLIN) 17218
650 #0 - PUNTO DE ACCESO ADICIONAL DE MATERIA--TÉRMINO DE MATERIA
Término de materia o nombre geográfico como elemento de entrada Abastecimiento de agua
Subdivisión geográfica República Dominicana
9 (RLIN) 11680
Subdivisión de forma Congresos, conferencias, etc.
650 #4 - PUNTO DE ACCESO ADICIONAL DE MATERIA--TÉRMINO DE MATERIA
Término de materia o nombre geográfico como elemento de entrada Conservación del agua
Subdivisión geográfica República Dominicana
9 (RLIN) 17220
Subdivisión de forma Congresos, conferencias, etc.
650 #4 - PUNTO DE ACCESO ADICIONAL DE MATERIA--TÉRMINO DE MATERIA
Término de materia o nombre geográfico como elemento de entrada Desarrollo de recursos hídricos
9 (RLIN) 17221
650 #4 - PUNTO DE ACCESO ADICIONAL DE MATERIA--TÉRMINO DE MATERIA
Término de materia o nombre geográfico como elemento de entrada Contaminación del agua
Subdivisión geográfica República Dominicana
9 (RLIN) 17222
Subdivisión de forma Congresos, conferencias, etc.
700 12 - PUNTO DE ACCESO ADICIONAL--NOMBRE DE PERSONA
Nombre de persona Ramírez Peña, Salvador,
Término indicativo de función/relación coord.
9 (RLIN) 13991
700 12 - PUNTO DE ACCESO ADICIONAL--NOMBRE DE PERSONA
Nombre de persona Sánchez, Euclides,
9 (RLIN) 17223
910 ## - DATOS DE OPCIÓN DEL USUARIO (OCLC)
Datos de opción del usuario Validado. Control de calidad MFF
942 ## - ELEMENTOS DE PUNTO DE ACCESO ADICIONAL (KOHA)
Fuente del sistema de clasificación o colocación Dewey Decimal Classification
Tipo de ítem Koha Libro
Holdings
Estado de retiro Estado de pérdida Restricciones de uso No para préstamo Código de colección Localización permanente Ubicación/localización actual Ubicación en estantería Fecha de adquisición Número de inventario Total de préstamos Signatura topográfica completa Código de barras Fecha visto por última vez Número de copia Precio válido a partir de Tipo de ítem Koha
        Dominicana de Servicio General General Depósito 13.03.2013 LF1   333.91 S471s 6115-30 25.06.2020 e. 3 25.06.2020 Libro y Folleto Colección Dominicana de Servicio
        Dominicana de Servicio General General Depósito 13.03.2013 LF1   333.91 S471s 6115-40 25.06.2020 e. 4 25.06.2020 Libro y Folleto Colección Dominicana de Servicio
        Dominicana de Servicio General General Depósito 10.04.2013 LF1   333.91 S471s 6115-60 25.06.2020 e. 5 25.06.2020 Libro y Folleto Colección Dominicana de Servicio
      Excluido de préstamo Patrimonio Dominicano Patrimonio Dominicano Patrimonio Dominicano Depósito 26.08.2009 LF1   333.91 S471s 6115-10 25.06.2020   25.06.2020 Libro y Folleto Colección Patrimonio Dominicano
      Excluido de préstamo Patrimonio Dominicano Patrimonio Dominicano Patrimonio Dominicano Depósito 26.08.2009 LF1   333.91 S471s 6115-20 25.06.2020 e. 2 25.06.2020 Libro y Folleto Colección Patrimonio Dominicano

Powered by Koha